Письмо Николая Михайловича Васильева к И.Д. Делянову с просьбой ходатайствовать об освобождении из-под надзора полиции и о разре...

Доступно только в Электронных читальных залах Найти на картеНа карте
RUSMARC
00004027nmc2a22000003x 450
0019d3d031f-f7b8-4dd4-9243-87b0175fbbef
00520210217120007.0
100##$a20190717l18721872k l0rusy0189 ca
1010#$arus
102##$aRU
2001#$aПисьмо Николая Михайловича Васильева к И.Д. Делянову с просьбой ходатайствовать об освобождении из-под надзора полиции и о разрешении окончить высшее учебное заведение
$j12 июля 1872 г.
251##$cДело
300##$aПисьма разных лиц к И.Д. Делянову
801#0$aRU
$bРГИА
$c20190717
$gRCR
801#1$aRU
$bГлавНИВЦ
$c20190717
$2rusmarc
801#2$aRU
$bПБ им. Б.Н. Ельцина
$c20210217
$gRCR
$2rusmarc
850##$aРГИА
852##$aРГИА
$eФедеральное казенное учреждение "Российский государственный исторический архив" (РГИА)
$j391
937##$hРГИА
$d12276198
$aASBIBLIO_SCAN
462#0$10013dfa799b-3a50-4673-b3be-8a348f2dcc4f
$12001
$aЛичные, служебные и имущественные документы И. Д. Делянова. Переписка И. Д. Делянова и членов его семьи. Служебная переписка директора Департамента народного просвещения Н. М. Аничкова
$1251
$cОпись
$1852
$j1
461#0$100199155341-bdc0-4986-8135-aafdb775052f
$12001
$aДелянов Иван Давыдович, граф, статс-секретарь, управляющий делами Секретного комитета о раскольниках, попечитель учебного округа, директор Публичной библиотеки, министр народного просвещения
$1251
$cФонд
$1852
$j1604
215##$a2 л.
$d32х24см
371##$aДокумент не является опубликованным и широко распространяемым
105##$ay###
1220#$ad
035##$a9d3d031f-f7b8-4dd4-9243-87b0175fbbef
856##$uhttp://readingroom.main.prlib.ru/item.aspx?id_node=n157344879&mode=full
Формат отображения